00000000nam##2200000za#4500
0019.647140
003CaOODSP
00520200401055637
007ta
008150407|1998||||xxc|||||     f|0| 0 eng|d
020 |a0-662-27289-7
040 |aCaOODSP|beng
043 |an-cn---
0861 |aC2-370/1998E
1101 |aCanada. |bIndustry Canada.
24510|aDatabase protection and Canadian laws: state of law as of June 15, 1998 / |cby Robert Howell.
260 |aOttawa - Ontario : |bIndustry Canada |c1998.
300 |axvi, 99p. ; |c28 cm.
500 |a"This study considers the legal protection of databases (traditional and new media) in Canada and comparatively with protections available or proposed in the United States and the European Union. It represents the initial stage preliminary to the development of a database protection policy for Canada... The need for a database protection policy arises from recent legal and policy developments within Canada and internationally. These developments are detailed in the study and include the possibility of an international treaty or guidelines on database protection developed under the auspices of the World Intellectual Property Organization."--Page vii.
5203 |aThis study considers the legal protection of databases (traditional and new media) in Canada and comparatively with protections available or proposed in the United States and the European Union. It represents the initial stage preliminary to the development of a database protection policy for Canada... The need for a database protection policy arises from recent legal and policy developments within Canada and internationally. These developments are detailed in the study and include the possibility of an international treaty or guidelines on database protection developed under the auspices of the World Intellectual Property Organization.--Page vii
563 |aRing binding
590 |a98-43|b1998-10-23
69007|aDatabases|2gcpds
69007|aInformation management|2gcpds
7201 |aHowell, Robert
77508|tProtection des bases de données et droit canadien: état du droit en date du 15 juin 1998 / |w(CaOODSP)9.680577
7760#|tDatabase protection and Canadian laws : |w(CaOODSP)9.695128